Manažérstvo kvality v stavebníctve /

Main Author: Gašparík, Jozef, 1957-
Corporate Author: Slovenská technická univerzita (Bratislava, Slovensko). Katedra technológie stavieb
Language: Slovak
Published: Brno : Tribun EU, s.r.o., 2017
Online Access: Digitalizovaný dokument
Physical Description: 1 CD-ROM (147 stran) : ilustrace (některé barevné) ; 12 cm
Book
Saved in:
LEADER 01681nam a2200433 i 4500
001 001616423
003 CZ BrMZK
005 20181127123837.0
006 m q d
007 co cg
008 180214s2017 xr a e p 000 0 slo
020 |a 978-80-263-1346-5  |q (CDR) 
040 |a BOA001  |b cze  |e rda 
072 7 |a 69  |x Stavebnictví  |2 Konspekt  |9 19 
072 7 |a 37.016  |x Učební osnovy. Vyučovací předměty. Učebnice  |2 Konspekt  |9 22 
080 |a 69  |2 MRF 
080 |a 005.6  |2 MRF 
080 |a (075.8)  |2 MRF 
080 |a (0.034.44)  |2 MRF 
100 1 |a Gašparík, Jozef,  |d 1957-  |7 mzk2005289796  |4 aut 
245 1 0 |a Manažérstvo kvality v stavebníctve /  |c Jozef Gašparík 
264 1 |a Brno :  |b Tribun EU, s.r.o.,  |c 2017 
300 |a 1 CD-ROM (147 stran) :  |b ilustrace (některé barevné) ;  |c 12 cm 
336 |a text  |b txt  |2 rdacontent 
337 |a počítač  |b c  |2 rdamedia 
338 |a počítačový disk  |b cd  |2 rdacarrier 
347 |a textový soubor  |b PDF  |2 rda 
500 |a Název z disku 
500 |a Nad názvem: Slovenská technická univerzita v Bratislave, Stavebná fakulta, katedra technológie stavieb 
504 |a Obsahuje bibliografii 
650 0 7 |a stavebnictví  |7 ph116275  |2 czenas 
650 0 7 |a management jakosti  |7 ph115218  |2 czenas 
655 7 |a učebnice vysokých škol  |7 fd133772  |2 czenas 
655 7 |a CD-ROM  |7 fd133955  |2 czenas 
710 2 |a Slovenská technická univerzita (Bratislava, Slovensko).  |b Katedra technológie stavieb  |7 kn20090220016  |4 isb 
856 4 1 |u https://www.digitalniknihovna.cz/mzk/view/uuid:f754dfb6-eebd-43bf-bae8-e4911dbddd0e  |y Digitalizovaný dokument 
910 |a BOA001  |b CDR-1403.392 
990 |a BK 
991 |b 201802  |c NOV